Climate change (Record no. 104833)

MARC details
000 -LEADER
fixed length control field 00878cam a2200205 4500
001 - CONTROL NUMBER
control field ##L131763
008 - FIXED-LENGTH DATA ELEMENTS--GENERAL INFORMATION
fixed length control field 051206n2004 000 0 eng u
020 ## - INTERNATIONAL STANDARD BOOK NUMBER
International Standard Book Number 1860817351
035 ## - SYSTEM CONTROL NUMBER
System control number (Sirsi) u131763
041 0# - LANGUAGE CODE
Language code of text/sound track or separate title eng
050 04 - LIBRARY OF CONGRESS CALL NUMBER
Classification number 551.52 $2 18
110 2# - MAIN ENTRY--CORPORATE NAME
Corporate name or jurisdiction name as entry element Building Research Establishment
245 00 - TITLE STATEMENT
Title Climate change
Remainder of title impact on building design and construction
260 ## - PUBLICATION, DISTRIBUTION, ETC.
Place of publication, distribution, etc. Watford
Name of publisher, distributor, etc. BRE
Date of publication, distribution, etc. 2004
300 ## - PHYSICAL DESCRIPTION
Extent 8p
Other physical details ill, tables
Dimensions 30cm
490 #0 - SERIES STATEMENT
Series statement BRE Good Building Guide
Volume/sequential designation GBG 63
520 ## - SUMMARY, ETC.
Summary, etc. Considers how the world's climate is changing, the potential risks to buildings caused by the changes, and how building design and construction will need to alter to meet them. Focuses particularly on the increasing flood risk, improving weathertightness, foundation movement, and summer overheating.
690 ## - LOCAL SUBJECT ADDED ENTRY--TOPICAL TERM (OCLC, RLIN)
Topical term or geographic name as entry element BUILT ENVIRONMENT-SUSTAINABLE CONSTRUCTION
942 ## - ADDED ENTRY ELEMENTS (KOHA)
Suppress in OPAC 0
Holdings
Withdrawn status Lost status Source of classification or shelving scheme Damaged status Not for loan Home library Current library Shelving location Date acquired Cost, normal purchase price Total Checkouts Full call number Barcode Date last seen Copy number Cost, replacement price Price effective from Koha item type
    Dewey Decimal Classification     London London BRE publications 14/06/2006 12.00   ENQUIRY DESK 30073042 06/08/2019 2 12.00 06/08/2019 Book